Le monde avant le déluge / (Record no. 162225)

MARC details
000 -LEADER
campo de control de longitud fija 00739nam a22002175i 4500
001 - NÚMERO DE CONTROL
campo de control 162225
003 - IDENTIFICADOR DE NÚMERO DE CONTROL
campo de control ES-MaACL
005 - FECHA Y HORA DE LA ÚLTIMA TRANSACCIÓN
campo de control 20230906212445.0
008 - DATOS DE LONGITUD FIJA--INFORMACIÓN GENERAL
campo de control de longitud fija 001024s1869 fr a |||| | fre d
040 ## - FUENTE DE CATALOGACIÓN
Centro catalogador/agencia de origen CAM
Lengua de catalogación spa
Centro/agencia transcriptor CAM
080 ## - NÚMERO DE LA CLASIFICACIÓN DECIMAL UNIVERSAL
Número de la Clasificación Decimal Universal 550.3(091)(035)
100 1# - ENTRADA PRINCIPAL--NOMBRE DE PERSONA
Nombre de persona Pizzetta, Jules.
9 (RLIN) 131191
245 13 - MENCIÓN DEL TÍTULO
Título Le monde avant le déluge /
Mención de responsabilidad, etc. Jules Pizzetta.
260 ## - PUBLICACIÓN, DISTRIBUCIÓN, ETC.
Lugar de publicación, distribución, etc. Paris :
Nombre del editor, distribuidor, etc. P. Brunet,
Fecha de publicación, distribución, etc. 1869 (
Lugar de fabricación/manufactura Abbeville :
Fabricante Briez, C. Paillart et Retaux)
300 ## - DESCRIPCIÓN FÍSICA
Extensión 214 p. :
Otras características físicas il. ;
Dimensiones 18 cm.
490 1# - MENCIÓN DE SERIE
Mención de serie Bibliothèque de la science pittoresque
650 #4 - PUNTO DE ACCESO ADICIONAL DE MATERIA--TÉRMINO DE MATERIA
Término de materia o nombre geográfico como elemento de entrada Tierra (Planeta)-
Subdivisión de forma Historia.
9 (RLIN) 184124
830 0# - PUNTO DE ACCESO ADICIONAL DE SERIE-TÍTULO UNIFORME
Título uniforme Bibliothèque de la science pittoresque
9 (RLIN) 187934
852 ## - LOCALIZACIÓN
Ubicación ES-MaACL
Número de control de estantería D-1461
Nota libre .- Legado M. de la Fuente
Holdings
Estatus retirado Estado de pérdida Estado de daño No para préstamo Colección Biblioteca de origen Biblioteca actual Ubicación en estantería Fecha de adquisición Fuente de adquisición Total de préstamos Signatura topográfica completa Código de barras Visto por última vez Precio de reemplazo Tipo de ítem Koha
        Libros del s. XIX Biblioteca del Ateneo de Madrid Biblioteca del Ateneo de Madrid Sala Valle Inclán 17/01/2008     D-1461 901169952 23/02/2023 23/02/2023 Libro impreso antiguo